Origine des habitants des Etats-Unis en 2021 - Statistiques

Statistiques générales
  • Ce quiz a été pris 80 fois
  • Le résultat moyen est 26 sur 46
Statistiques - réponses
Hint Réponse % Correct
Europe 6 France
95%
Asie 1 Chine
92%
Amérique 1 Mexique
92%
Europe 1 Royaume-Uni
86%
Europe 2 Allemagne
83%
Océanie 1 Australie
83%
Asie 8 Japon
83%
Afrique 6 Afrique-du-Sud
82%
Europe 5 Italie
82%
Asie/Europe 1 Russie
80%
Amérique 8 Canada
77%
Amérique 3 Cuba
77%
Europe 10 Irlande
73%
Asie 5 Corée-du-Sud
68%
Asie 2 Inde
68%
Afrique 1 Nigeria
67%
Asie 4 Vietnam
64%
Afrique 3 Egypte
61%
Afrique 9 Maroc
61%
Europe 3 Pologne
61%
Asie/Europe 2 Turquie
59%
Amérique 6 Colombie
58%
Amérique 9 Honduras
55%
Afrique 5 Kenya
55%
Asie 10 Thaïlande
55%
Amérique 10 Haïti
53%
Europe 8 Portugal
53%
Asie 6 Pakistan
50%
Europe 4 Ukraine
48%
Amérique 5 Guatemala
47%
Amérique 7 Jamaïque
47%
Afrique 7 Somalie
44%
Amérique 2 Salvador
42%
Afrique 10 Cameroun
41%
Afrique 2 Ethiopie
41%
Asie 3 Philippines
39%
Amérique 4 République Dominicaine
38%
Afrique 4 Ghana
36%
Asie 7 Iran
35%
Europe 7 Roumanie
35%
Afrique 8 Liberia
33%
Asie 9 Bangladesh
32%
Océanie 2 Fidji
21%
Asie/Europe 3 Kazakhstan
17%
Océanie 3 Micronésie
17%
Europe 9 Albanie
12%
Aucun quiz correspondant
Distribution des résultats
% des personnes avec chaque résultat
Percentile par nombre de réponses
Votre historique - résultats
Vous n’avez pas pris ce quiz